<?xml version="1.0" encoding="UTF-8"?>
<record
    xmlns:xsi="http://www.w3.org/2001/XMLSchema-instance"
    xsi:schemaLocation="http://www.loc.gov/MARC21/slim http://www.loc.gov/standards/marcxml/schema/MARC21slim.xsd"
    xmlns="http://www.loc.gov/MARC21/slim">

  <leader>     nam a22     7a 4500</leader>
  <datafield tag="999" ind1=" " ind2=" ">
    <subfield code="c">29043</subfield>
    <subfield code="d">29043</subfield>
  </datafield>
  <controlfield tag="008">170926b        xxu||||| |||| 00| 0 eng d</controlfield>
  <datafield tag="020" ind1=" " ind2=" ">
    <subfield code="a">9789966253211</subfield>
  </datafield>
  <datafield tag="050" ind1=" " ind2=" ">
    <subfield code="a">AFR BV 1470 .L48 2004</subfield>
  </datafield>
  <datafield tag="100" ind1=" " ind2=" ">
    <subfield code="a">Levi, Lavera</subfield>
  </datafield>
  <datafield tag="245" ind1=" " ind2=" ">
    <subfield code="a">Together in Christ form 3 :</subfield>
    <subfield code="b">C.R.E for secondary schools/</subfield>
    <subfield code="c">Lavera Levi</subfield>
  </datafield>
  <datafield tag="260" ind1=" " ind2=" ">
    <subfield code="a">Nairobi:</subfield>
    <subfield code="b">East African Educational Publishers,</subfield>
    <subfield code="c">2004</subfield>
  </datafield>
  <datafield tag="300" ind1=" " ind2=" ">
    <subfield code="a">143p. :</subfield>
    <subfield code="b">ill. ;</subfield>
    <subfield code="c">25 cm.</subfield>
  </datafield>
  <datafield tag="942" ind1=" " ind2=" ">
    <subfield code="2">lcc</subfield>
    <subfield code="c">AFRICANA</subfield>
    <subfield code="h">AFR BV 1470 .L48 2004</subfield>
    <subfield code="0">6</subfield>
  </datafield>
  <datafield tag="952" ind1=" " ind2=" ">
    <subfield code="0">0</subfield>
    <subfield code="1">0</subfield>
    <subfield code="2">lcc</subfield>
    <subfield code="4">0</subfield>
    <subfield code="7">0</subfield>
    <subfield code="a">MUC</subfield>
    <subfield code="b">MUC</subfield>
    <subfield code="c">AFR</subfield>
    <subfield code="d">2017-09-26</subfield>
    <subfield code="e">Purchase (Textbook Centre)</subfield>
    <subfield code="l">0</subfield>
    <subfield code="o">AFR BV 1470 .L48 2004</subfield>
    <subfield code="p">37034</subfield>
    <subfield code="r">2017-09-26</subfield>
    <subfield code="v">371.00</subfield>
    <subfield code="w">2017-09-26</subfield>
    <subfield code="y">AFRICANA</subfield>
  </datafield>
  <datafield tag="952" ind1=" " ind2=" ">
    <subfield code="0">0</subfield>
    <subfield code="1">0</subfield>
    <subfield code="2">lcc</subfield>
    <subfield code="4">0</subfield>
    <subfield code="7">0</subfield>
    <subfield code="a">MUC</subfield>
    <subfield code="b">MUC</subfield>
    <subfield code="c">AFR</subfield>
    <subfield code="d">2017-09-26</subfield>
    <subfield code="e">Purchase (Textbook Centre)</subfield>
    <subfield code="l">2</subfield>
    <subfield code="o">AFR BV 1470 .L48 2004</subfield>
    <subfield code="p">37035</subfield>
    <subfield code="r">2021-11-03</subfield>
    <subfield code="s">2018-12-13</subfield>
    <subfield code="v">371.00</subfield>
    <subfield code="w">2017-09-26</subfield>
    <subfield code="y">AFRICANA</subfield>
  </datafield>
  <datafield tag="952" ind1=" " ind2=" ">
    <subfield code="0">0</subfield>
    <subfield code="1">0</subfield>
    <subfield code="2">lcc</subfield>
    <subfield code="4">0</subfield>
    <subfield code="7">0</subfield>
    <subfield code="a">MUC</subfield>
    <subfield code="b">MUC</subfield>
    <subfield code="c">AFR</subfield>
    <subfield code="d">2017-09-26</subfield>
    <subfield code="e">Purchase (Textbook Centre)</subfield>
    <subfield code="l">2</subfield>
    <subfield code="o">AFR BV 1470 .L48 2004</subfield>
    <subfield code="p">37036</subfield>
    <subfield code="r">2018-12-11</subfield>
    <subfield code="s">2018-12-11</subfield>
    <subfield code="v">371.00</subfield>
    <subfield code="w">2017-09-26</subfield>
    <subfield code="y">AFRICANA</subfield>
  </datafield>
  <datafield tag="952" ind1=" " ind2=" ">
    <subfield code="0">0</subfield>
    <subfield code="1">0</subfield>
    <subfield code="2">lcc</subfield>
    <subfield code="4">0</subfield>
    <subfield code="7">0</subfield>
    <subfield code="a">MUC</subfield>
    <subfield code="b">MUC</subfield>
    <subfield code="c">AFR</subfield>
    <subfield code="d">2017-09-26</subfield>
    <subfield code="e">Purchase (Textbook Centre)</subfield>
    <subfield code="l">2</subfield>
    <subfield code="o">AFR BV 1470 .L48 2004</subfield>
    <subfield code="p">37037</subfield>
    <subfield code="r">2024-03-04</subfield>
    <subfield code="s">2024-03-04</subfield>
    <subfield code="v">371.00</subfield>
    <subfield code="w">2017-09-26</subfield>
    <subfield code="y">AFRICANA</subfield>
  </datafield>
  <datafield tag="952" ind1=" " ind2=" ">
    <subfield code="0">0</subfield>
    <subfield code="1">0</subfield>
    <subfield code="2">lcc</subfield>
    <subfield code="4">0</subfield>
    <subfield code="7">0</subfield>
    <subfield code="a">MUC</subfield>
    <subfield code="b">MUC</subfield>
    <subfield code="c">AFR</subfield>
    <subfield code="d">2017-09-26</subfield>
    <subfield code="e">Purchase (Textbook Centre)</subfield>
    <subfield code="l">2</subfield>
    <subfield code="o">AFR BV 1470 .L48 2004</subfield>
    <subfield code="p">37038</subfield>
    <subfield code="r">2021-07-23</subfield>
    <subfield code="s">2021-01-12</subfield>
    <subfield code="v">371.00</subfield>
    <subfield code="w">2017-09-26</subfield>
    <subfield code="y">AFRICANA</subfield>
  </datafield>
</record>
